000 00489nam a2200181Ia 4500
005 20250508151744.0
008 008 250505s9999 xx 000 0 hin d
037 _aTextual
040 _aFEDL
_beng
_cFEDL
041 _ahin
_2eng
084 _aFH, BHA
_qFEDL
100 _aBhattnagar Kelash Nath
_9756921
245 0 _aChanakya pratigya
260 _aLucknow, India
_bBhartiya Gaurav Granthmala
300 _a112p.
942 _cTEXL
_hFH, BHA
999 _c1331948
_d1331948